Vincitori Premio Miglior giovane ai Mondiali - Statistics

Statistiche generali
  • Questo quiz è stato fatto 9 volte
  • Il punteggio medio è 4 su 5
Statistiche sulle risposte
Edizione Nazione Calciatore % Corretto
Qatar 2022 Argentina Enzo Fernández
100%
Russia 2018 Francia Kylian Mbappé
100%
Sudafrica 2010 Germania Thomas Müller
78%
Germania 2006 Germania Lukas Podolski
44%
Brasile 2014 Francia Paul Pogba
33%
Nessun quiz corrispondente trovato
Distribuzione punteggi
Percentuale di utenti per punteggio
Percentile per numero di risposta
I tuoi punteggi nel tempo
Non hai fatto questo quiz